<?xml version="1.0" encoding="utf-8"?>
<?xml-stylesheet type='text/xsl' href='./oai2.xsl'?>
<OAI-PMH xmlns="http://www.openarchives.org/OAI/2.0/" xmlns:xsi="http://www.w3.org/2001/XMLSchema-instance" xsi:schemaLocation="http://www.openarchives.org/OAI/2.0/ http://www.openarchives.org/OAI/2.0/OAI-PMH.xsd">
  <responseDate>2026-06-06T20:24:50Z</responseDate>
  <request verb="GetRecord" metadataPrefix="marcxml" identifier="record_kuniweb_170596">https://kulturerbe.niedersachsen.de/oai</request>
  <GetRecord>
    <record>
      <header>
        <identifier>record_kuniweb_170596</identifier>
        <datestamp>2026-03-31T19:09:18Z</datestamp>
        <setSpec>slg0175</setSpec>
      </header>
      <metadata>
        <marc:record xmlns:marc="http://www.loc.gov/MARC21/slim" xsi:schemaLocation="http://www.loc.gov/MARC21/slim http://www.loc.gov/standards/marcxml/schema/MARC21slim.xsd">
          <marc:leader>12345nkm  22     uu 4500</marc:leader>
          <marc:controlfield tag="001">170596</marc:controlfield>
          <marc:controlfield tag="003">http://kuniweb.gbv.de</marc:controlfield>
          <marc:controlfield tag="005">2025-10-13T13:15:33</marc:controlfield>
          <marc:controlfield tag="008">|           ||||||||||||||||||||||</marc:controlfield>
          <marc:datafield tag="245" ind1="1" ind2="0">
            <marc:subfield code="a">Otto Knille: Allmers (Rötelportrait)</marc:subfield>
          </marc:datafield>
          <marc:datafield tag="720" ind1=" " ind2=" ">
            <marc:subfield code="a">Otto Knille</marc:subfield>
          </marc:datafield>
          <marc:datafield tag="655" ind1=" " ind2="7">
            <marc:subfield code="a">Grafik</marc:subfield>
          </marc:datafield>
          <marc:datafield tag="046" ind1=" " ind2=" ">
            <marc:subfield code="k">1863</marc:subfield>
            <marc:subfield code="k">Oktober</marc:subfield>
          </marc:datafield>
          <marc:datafield tag="260" ind1=" " ind2=" ">
            <marc:subfield code="g">1863</marc:subfield>
            <marc:subfield code="g">Oktober</marc:subfield>
          </marc:datafield>
          <marc:datafield tag="300" ind1=" " ind2=" ">
            <marc:subfield code="a">Höhe: 49 cm
Breite: 38,5 cm</marc:subfield>
          </marc:datafield>
          <marc:datafield tag="520" ind1=" " ind2=" ">
            <marc:subfield code="a">Das Portrait entstand während Allmers' Teilnahme an den Beratungen der Vorsynode in Hannover, vgl. Brief von HA an Ernst Willers von 1864 März 5: "In Hannover hat er [Otto Knille] zuletzt noch lebensgroß mit Rothstift mein Portrait gezeichnet, dessen Photographie ich Ihnen hier beilege. Was sagen Sie davon? Denn die widersprechendsten Urtheile hat das Bild erfahren." (A. Behne 03 / 2001)

Aufschrift:
"OK" (Signatur)

Veröffentlicht in:
A. Behne und Gradel, O., „Mensch sein und Menschen nützen, Hermann Almers“. . (S. 76)

Quelle:
H. Allmers, H. G. Steimer, und A. Behne, „Briefwechsel mit Freunden in der Ferne 1855-1879“, Briefwechsel, Bd. 3, Teilband 1. Edition Temmen, Bremen, 2017. ("Für photographische Wiedergabe will mich Knille bald einmal zeichnen, ich werde dann Ihr liebes Geschenk mit Gleichem erwiedern können.“ (B 79 an Ernst Willer, 19. April 1863, S. 278). Brief 93, S. 308 (s. o.))</marc:subfield>
          </marc:datafield>
          <marc:datafield tag="650" ind1="1" ind2=" ">
            <marc:subfield code="a">Grafik, Fotografie &gt; Zeichnung &gt; Kreidezeichnung &gt; Rötelzeichnung</marc:subfield>
          </marc:datafield>
          <marc:datafield tag="773" ind1="0" ind2=" ">
            <marc:subfield code="t">Sammlung und Nachlass Hermann Allmers</marc:subfield>
          </marc:datafield>
          <marc:datafield tag="852" ind1=" " ind2=" ">
            <marc:subfield code="a">Allmers-Haus</marc:subfield>
          </marc:datafield>
          <marc:datafield tag="" ind1=" " ind2=" ">
            <marc:subfield code="a">Sammlung und Nachlass Hermann Allmers sind Eigentum der Hermann-Allmers-Gesellschaft e. V. und werden in zwei Teilen an zwei Standorten verwahrt:
Die (museale) Sammlung, bestehend aus Mobiliar und Hausgerät, Tafelgemälden, kleineren und größeren Antiken, Gipsabgüssen, kunsthandwerklichen Objekten aus Keramik und Glas und einer kleinen Bibliothek, befindet sich im Allmers-Haus in Rechtenfleth.
Der literarische, grafische und fotografische "Nachlass Hermann Allmers" hingegen ist im Archiv des Landkreises Cuxhaven in Otterndorf deponiert.</marc:subfield>
          </marc:datafield>
          <marc:datafield tag="" ind1=" " ind2=" ">
            <marc:subfield code="a">Namensnennung - Nicht kommerziell - Keine Bearbeitungen 4.0 International (CC BY-NC-ND 4.0)</marc:subfield>
          </marc:datafield>
        </marc:record>
      </metadata>
    </record>
  </GetRecord>
</OAI-PMH>
